Human resource information system / (Record no. 364267)
[ view plain ]
| 000 -LEADER | |
|---|---|
| fixed length control field | 00512nam a2200121Ia 4500 |
| 008 - FIXED-LENGTH DATA ELEMENTS--GENERAL INFORMATION | |
| fixed length control field | 200916s9999 xx 000 0 und d |
| 020 ## - INTERNATIONAL STANDARD BOOK NUMBER | |
| International Standard Book Number | 978-971-6954-41-4 |
| 100 ## - MAIN ENTRY--PERSONAL NAME | |
| Personal name | Banaag, Francis B. |
| 245 ## - TITLE STATEMENT | |
| Statement of responsibility, etc | Francis B. Banaag, Rodolfo L. Ducut, Michael Dela Cruz, Maria Belen R. Gunda, Rome Sherriff G. Montoya.-- |
| Title | Human resource information system / |
| 260 ## - PUBLICATION, DISTRIBUTION, ETC. (IMPRINT) | |
| Place of publication, distribution, etc | Manila : |
| Name of publisher, distributor, etc | Unlimited Books Library Services & Publishing Inc. |
| Date of publication, distribution, etc | 2016 |
| 300 ## - PHYSICAL DESCRIPTION | |
| Extent | x , 165 pages : |
| Other physical details | illustrations ; |
| Dimensions | 23 cm. |
| 650 ## - SUBJECT ADDED ENTRY--TOPICAL TERM | |
| Topical term or geographic name as entry element | Personnel records |
| Withdrawn status | Lost status | Damaged status | Home library | Current library | Shelving location | Date acquired | Source of acquisition | Total Checkouts | Full call number | Barcode | Date last seen | Price effective from | Koha item type |
|---|---|---|---|---|---|---|---|---|---|---|---|---|---|
| College Library | College Library | Filipiniana Section | 09/16/2020 | HF 5549 .B212 2016 | C22445 | 09/16/2020 | 09/16/2020 | Books |